Lễ hội truyền thống của người Khmer Nam Bộ
v.v...
Đã lưu trong:
| Tác giả chính: | |
|---|---|
| Định dạng: | Sách |
| Năm xuất bản: |
H.:
Khoa học xã hội,
2015
|
| Series: | Hội văn nghệ dân gian Việt Nam
|
| Chủ đề: | |
| Tags: |
Thêm thẻ
Không có thẻ, Hãy là người đầu tiên gắn thẻ bản ghi này!
|
| LEADER | 00620nam a2200157 4500 | ||
|---|---|---|---|
| 082 | |a 394.26 |b T305V | ||
| 100 | |a Tiền Văn Triệu | ||
| 245 | |a Lễ hội truyền thống của người Khmer Nam Bộ |c Tiền Văn Triệu, Lâm Quang Vinh | ||
| 260 | |a H.: |b Khoa học xã hội, |c 2015 | ||
| 300 | |a 398tr.; |c 21cm. | ||
| 490 | |a Hội văn nghệ dân gian Việt Nam | ||
| 520 | |a v.v... | ||
| 653 | |a Lễ hội dân gian-Việt Nam | ||
| 942 | |2 ddc |c SH | ||
| 999 | |c 12209 |d 12209 | ||
| 952 | |0 0 |1 0 |2 ddc |4 0 |6 394_260000000000000_T305V |7 0 |8 300 |9 104533 |a qbu |b qbu |c D2 |d 2015-12-17 |g 70000 |o 394.26 T305V |p 11607.c1 |r 0000-00-00 |w 2015-12-17 |y SH | ||